[Event "AUTO-BEG-164"]
[Site "http://www.queenalice.com/game.php?id=318841"]
[Date "2007.12.12"]
[Round "1"]
[White "cvcbrown"]
[Black "mesmo"]
[Result "0-1"]
[WhiteElo "1203"]
[BlackElo "1422"]

1. Nc3 d5 2. e3 Nf6 3. Nf3 Bf5 4. Nd4 e6 5. Nxf5 exf5 6. Qf3 Nc6 7. d4 Bb4 8.
Qxf5 Qd6 9. Bd3 Ne7 10. Qf3 Bxc3+ 11. bxc3 Nd7 12. Rb1 Qc6 13. O-O Nf6 14. Bb5
Qxb5 15. Rxb5 b6 16. Qg3 g6 0-1

[Event "AUTO-BEG-164"]
[Site "http://www.queenalice.com/game.php?id=318842"]
[Date "2007.12.12"]
[Round "1"]
[White "mesmo"]
[Black "cvcbrown"]
[Result "1-0"]
[WhiteElo "1429"]
[BlackElo "1196"]

1. e4 Nc6 2. Nf3 Nf6 3. Nc3 d6 4. Bc4 Ne5 5. Ng5 Nxc4 6. Qe2 Na5 7. Qb5+ Nc6 8.
O-O Qd7 9. d3 Nd4 10. Qc4 e5 11. Be3 b5 12. Qb4 a5 13. Bxd4 axb4 14. Ne2 exd4
15. Nxd4 h6 16. Ngf3 c5 17. Nb3 c4 18. dxc4 1-0

[Event "Invitation"]
[Site "http://www.queenalice.com/game.php?id=325860"]
[Date "2007.12.26"]
[Round "-"]
[White "jonh28"]
[Black "cvcbrown"]
[Result "1-0"]
[WhiteElo "1500"]
[BlackElo "1242"]

1. c4 e5 2. Nf3 Bc5 3. Nxe5 Qf6 4. Nd3 Nh6 5. Nxc5 Ng4 6. Nd3 Nc6 7. g3 Nb4 8.
f3 Ne5 9. f4 Nxc4 10. Nxb4 d6 11. Nd5 Qd8 12. Qa4+ c6 13. Qxc4 Be6 14. Qb4 Bxd5
15. Rg1 Qc7 16. Bh3 O-O 17. e4 Rae8 18. Nc3 Qe7 19. d3 a5 20. Qxa5 b5 21. Bd2
Qe6 22. O-O-O Qxh3 23. Rh1 Qxg3 24. hxg3 Ra8 25. Qb4 Rfd8 26. a3 Ra7 27. exd5
cxd5 28. Nxd5 Rc8+ 29. Kb1 g6 30. Qxd6 Rca8 31. Nf6+ Kh8 32. Rxh7# 1-0

[Event "Bora Jonh!!!"]
[Site "http://www.queenalice.com/game.php?id=326460"]
[Date "2007.12.27"]
[Round "-"]
[White "cvcbrown"]
[Black "jonh28"]
[Result "0-1"]
[WhiteElo "1232"]
[BlackElo "1547"]

1. e4 Nf6 2. Bc4 e6 3. Qf3 Nc6 4. Nh3 Nd4 5. Qf4 Nxc2+ 6. Kd1 Nxa1 7. Ng5 h6 8.
Nf3 Bd6 9. Qe3 Ng4 10. Qd4 Nxf2+ 11. Qxf2 h5 12. h4 c6 13. Ng5 f6 14. Nh3 g5 15.
g3 b5 16. Bd3 g4 17. Nf4 e5 18. Ng6 Rg8 19. Qf5 Kf7 20. b3 Rxg6 21. Qxh5 Qg8 22.
Rf1 Bb7 23. Bb2 Nxb3 24. Bxb5 Na5 25. Na3 Bxa3 26. Qxe5 Bxb2 27. Qxb2 cxb5 28.
e5 Nc4 29. Qxb5 Nxe5 30. Qxb7 Qh8 31. Qd5+ Kg7 32. Rf5 Qg8 33. Qxa8 Qxa8 34. h5
Rh6 35. d4 Nd3 36. Ke2 Nc1+ 37. Ke3 Qg2 38. Rf2 Qh3 39. Kf4 Nd3+ 40. Ke4 Nxf2+
41. Kd5 Rxh5+ 42. Kd6 Qxg3+ 43. Kxd7 Qe3 44. d5 Rxd5+ 0-1

[Event "Challenge"]
[Site "http://www.queenalice.com/game.php?id=327201"]
[Date "2007.12.28"]
[Round "-"]
[White "cvcbrown"]
[Black "patoche"]
[Result "0-1"]
[WhiteElo "1206"]
[BlackElo "1904"]

1. d3 d5 2. Nf3 Nc6 3. Nc3 e5 4. Nxd5 Qxd5 5. g3 Nf6 6. Bg2 Bg4 7. h3 Be6 8. O-O
Qd7 9. Ng5 Bd5 10. e4 Be6 11. Be3 O-O-O 0-1

[Event "Challenge"]
[Site "http://www.queenalice.com/game.php?id=327597"]
[Date "2007.12.29"]
[Round "-"]
[White "RocketJoe"]
[Black "cvcbrown"]
[Result "0-1"]
[WhiteElo "1100"]
[BlackElo "1225"]

1. Nc3 c6 2. g4 d6 3. Bg2 Nd7 4. Nf3 e5 5. b4 Be7 6. Rb1 Ngf6 7. Bh3 Nb6 8. b5
c5 9. d3 a5 10. e4 a4 11. Ba3 Bd7 12. Qe2 Qc7 13. Qe3 Bxg4 14. Bf1 d5 15. Qg5
Bxf3 16. Rg1 dxe4 17. Qxg7 Rf8 18. dxe4 Nc4 19. Bxc4 Nxe4 20. Nd5 Qa5+ 21. Rb4
Bh4 22. Nc7+ Kd8 23. Qxf8+ Kxc7 24. Qxf7+ Kb6 25. Qxf3 Rf8 26. Qxf8 cxb4 27. Bb2
b3+ 28. Kf1 bxc2 29. Rg4 a3 30. Bxe5 c1=Q+ 31. Kg2 Qxc4 32. Rxh4 Qxa2 33. Rxe4
Qb1 34. Bb8 Qxe4+ 35. Kg3 a2 36. Qf6+ Kxb5 37. f3 Qee1+ 38. Kg4 h6 39. Bg3 a1=Q
40. Be5 Q1a4+ 41. Kf5 Qf1 42. f4 Qh1 43. Qxh6 Qa6 44. Qh7 Qg1 45. h3 Qg3 46. h4
Qc2# 0-1

[Event "Let's go!"]
[Site "http://www.queenalice.com/game.php?id=327599"]
[Date "2007.12.29"]
[Round "-"]
[White "cvcbrown"]
[Black "RocketJoe"]
[Result "0-1"]
[WhiteElo "1243"]
[BlackElo "963"]

1. Nf3 Nc6 2. d3 d5 3. Nc3 Be6 4. Bf4 Nf6 5. h4 Na5 6. a4 Bf5 7. Qd2 g5 8. Nb5
Rc8 9. Bxg5 Ng4 10. Qxa5 b6 11. Qd2 h6 12. Nbd4 hxg5 13. Nxf5 e6 14. N5d4 Qd6
15. Qxg5 Qb4+ 16. c3 Qxb2 17. Rd1 Qxc3+ 18. Qd2 Qa5 19. Nc6 Qc5 20. Ncd4 Qa3 21.
g3 Qxa4 22. Nxe6 fxe6 23. d4 Bb4 24. Bh3 Rg8 25. h5 c5 26. h6 c4 27. h7 Kd7 28.
Bxg4 c3 29. Qc2 Qxc2 30. O-O Qe4 31. Ne5+ Kc7 32. Bxe6 Rh8 33. Bxc8 Rxc8 34. Ra1
Qxd4 35. Rxa7+ Kb8 36. Nd7+ Kxa7 37. Ra1+ Kb7 38. e3 Qg7 39. Nxb6 Kxb6 40. Rb1
Kb5 41. Kg2 Rh8 42. f4 Rxh7 43. Rg1 Qe7 44. g4 Qxe3 45. Rf1 Rh3 46. Rh1 Qf3+ 0-1

[Event "AUTO-BEG-169"]
[Site "http://www.queenalice.com/game.php?id=328096"]
[Date "2007.12.30"]
[Round "1"]
[White "cvcbrown"]
[Black "alisson124"]
[Result "1-0"]
[WhiteElo "1141"]
[BlackElo "1146"]

1. d3 d5 2. Nf3 Nc6 3. g3 Bg4 4. Bg2 Qd7 5. O-O O-O-O 6. Bf4 g5 7. Bxg5 Nf6 8.
Nc3 Rg8 9. Qd2 Nh5 10. a4 f6 11. Be3 Rg6 12. Nb5 Kb8 13. c4 Bxf3 14. Bxf3 Nf4
15. Bxf4 Na5 16. Bxc7+ Ka8 17. Qxa5 Rc8 18. Qxa7# 1-0

[Event "AUTO-BEG-169"]
[Site "http://www.queenalice.com/game.php?id=328097"]
[Date "2007.12.30"]
[Round "1"]
[White "alisson124"]
[Black "cvcbrown"]
[Result "1-0"]
[WhiteElo "1168"]
[BlackElo "1189"]

1. d4 Nf6 2. Nf3 d6 3. e4 Nxe4 4. Nc3 Nxc3 5. bxc3 g6 6. Bc4 Bg7 7. O-O O-O 8.
Ba3 Nc6 9. Rb1 Na5 10. Ng5 Nxc4 11. Bb4 a5 12. Nf3 axb4 13. cxb4 Rxa2 14. Ra1
Rb2 15. Nd2 Rxb4 16. Nxc4 Rxc4 17. c3 Rxc3 18. Rc1 Rxc1 19. Qxc1 Bxd4 20. Qd1 e5
21. Qc2 Re8 22. Qb3 Qg5 23. Qa3 Qd2 24. Qa1 1-0

[Event "A nega!!!"]
[Site "http://www.queenalice.com/game.php?id=328230"]
[Date "2007.12.30"]
[Round "-"]
[White "RocketJoe"]
[Black "cvcbrown"]
[Result "1-0"]
[WhiteElo "1201"]
[BlackElo "1183"]

1. d4 Nf6 2. e3 a6 3. a4 c6 4. Ra3 d6 5. Nd2 Nbd7 6. Ndf3 e5 7. Ng5 Be7 8. dxe5
Nxe5 9. N1f3 Nxf3+ 10. gxf3 Be6 11. c4 Nd7 12. f4 h6 13. Ne4 d5 14. cxd5 cxd5
15. Nc3 Bxa3 16. bxa3 Qa5 17. Qd4 Rc8 18. Bd2 Rc7 19. Qxg7 Rf8 20. Qd4 Ke7 21.
Rg1 b5 22. Nxb5 Rc1+ 23. Ke2 Ra1 24. Kf3 Ra2 25. Bxa5 h5 26. e4 dxe4+ 27. Qxe4
f6 28. Qh7+ Rf7 29. Bb4+ Ke8 30. Nc7+ Kd8 31. Nxe6+ Ke8 32. Qxh5 Rb2 33. Rg8+
Nf8 34. Rg7 Rb3+ 35. Kg2 Ng6 36. Qxg6 Kd7 37. Qxf7+ Kc6 38. Bc5 Kd5 39. Nd4+
Kxc5 40. Nxb3+ Kb6 41. Qxf6# 1-0

[Event "A nega!!!"]
[Site "http://www.queenalice.com/game.php?id=328235"]
[Date "2007.12.30"]
[Round "-"]
[White "cvcbrown"]
[Black "jonh28"]
[Result "0-1"]
[WhiteElo "1141"]
[BlackElo "1569"]

1. d3 e6 2. Nc3 b6 3. Nf3 h5 4. h4 Rh6 5. Bxh6 gxh6 6. e4 Nc6 7. d4 Bg7 8. e5 d6
9. exd6 Qxd6 10. Qe2 Nge7 11. Ne4 Qd5 12. c4 Qa5+ 13. Qd2 Qa6 14. a4 Nf5 15. c5
Qb7 16. g3 Nce7 17. Bb5+ Bd7 18. Rg1 a6 19. Bc4 Qxe4+ 20. Qe2 Bc6 21. Ne5 Bxe5
22. Qxe4 Bxe4 23. b4 Bxd4 24. Rd1 Bc3+ 25. Kf1 Bxb4 26. cxb6 cxb6 27. Re1 Nd6
28. Be2 b5 29. axb5 axb5 30. Bxb5+ Nxb5 31. Rxe4 Ra1+ 32. Kg2 Rxg1+ 33. Kxg1 Nc6
34. Kg2 Kd7 35. Rf4 f5 36. Re4 fxe4 0-1

[Event "Let's Play Chess!"]
[Site "http://www.queenalice.com/game.php?id=343820"]
[Date "2008.1.27"]
[Round "-"]
[White "lucianovdemelo"]
[Black "cvcbrown"]
[Result "1-0"]
[WhiteElo "1491"]
[BlackElo "1211"]

1. d4 Nf6 2. c4 g6 3. Nc3 Bg7 4. Nf3 O-O 5. Bg5 d6 6. e3 Nc6 7. d5 Nb4 8. Bd3
Nxd3+ 9. Qxd3 c6 10. dxc6 bxc6 11. O-O 1-0

[Event "Challenge"]
[Site "http://www.queenalice.com/game.php?id=343855"]
[Date "2008.1.27"]
[Round "-"]
[White "cvcbrown"]
[Black "YouLoseSorry"]
[Result "1-0"]
[WhiteElo "1183"]
[BlackElo "1472"]

1. Nc3 Nf6 2. Nf3 Nc6 3. g3 b6 4. Bg2 Ba6 5. d4 d5 6. Ne5 e6 7. Nxc6 Qd6 8. Ne5
c5 9. Bf4 Qe7 10. a3 cxd4 11. Qxd4 Nh5 12. Qa4+ 1-0